Traité d’Économie Politique (Registro nro. 306184)

Detalles MARC
000 -ENCABEZADO
Número de control [NR] 01911nam a2200265 4500
005 - FECHA Y HORA DE LA ÚLTIMA TRANSACCIÓN
control field 20170310090158.0
008 - DE LONGITUD FIJA DE DATOS DE ELEMENTOS - INFORMACIÓN GENERAL
Elementos de longitud fija [NR] 170306s1927 fr |||fr|||| 001 0 fre d
040 ## - FUENTE DE CATALOGACION [NR]
Agencia de catalogación original [NR] CO-BoUCM
Idioma de catalogación [NR] spa
Quien Cataloga Sandra Yazo
Quien Clasifica Sandra Yazo
041 0# - CODIGO DE IDIOMA [R]
Código de idioma para texto/pista de sonido o título separado [R] Francés
082 04 - NUMERO DE CLASIFICACION DECIMAL DEWEY [R]
Número de la edición [NR] 20
Número de clasificación [R] 330.1
092 ## - SIGNATURA TOPOGRAFICA LOCAL
Número de clasificación local E43N016
100 1# - ASIENTO PRINCIPAL--NOMBRE PERSONAL [NR]
Nombre personal [NR] Antonelli, Étienne
Fechas asociadas con el nombre [NR] 1879-1971
ID Autoridad 84520
242 00 - TRADUCCION DEL TITULO POR LA AGENCIA CATALOGADORA [R]
Título [NR] Tratado de economía política.
Parte restante del título [NR] I. Introducción. Sociología económica. Economía pura
Mención de responsabilidad, etc. [NR] Esteban Antonelli
Código de idioma del título traducido [NR] spa
245 10 - MENCION DE TITULO [NR]
Título [NR] Traité d’Économie Politique
Parte restante del título [NR] I. Introduction. Sociologie économique. Économie pure
Mención de responsabilidad, etc. [NR] Étienne Antonelli
260 ## - PUBLICACION, DISTRIBUCION, ETC. (PIE DE IMPRENTA) [R]
Lugar de publicación, distribución, etc. [R] París (Francia)
Nombre del editor, distribuidor, etc. [R] Librairie Félix Alcan [Librería Félix Alcan]
-- Impr. des Presses Universitaires de France [Imprime: Prensas Universitarias de Francia]
Fecha de publicación, distribución, etc. [R] 1927
300 ## - DESCRIPCION FISICA [R]
Extensión [R] xix, 354 páginas
Dimensiones [R] 21 x 14 cm
500 ## - NOTA GENERAL [R]
Nota general [NR] Detalles físicos: Encuadernación rígida (holandesa) en cartón forrado en papel jaspeado. Lomo de tela con adornos en dorado. Guardas, la delantera con un papel pegado. Hoja de cortesía. Anteportada. Portada impresa en una sola tinta. Texto impreso en una columna. Notas de pie de página. Índice. Imprime tablas, gráficos y fórmulas matemáticas entre el texto
505 0# - NOTA DE CONTENIDO CON FORMATO PREESTABLECIDO [R]
Nota de contenido con formato preestablecido [NR] V.1: Introducción: La economía política y las ciencias experimentales ; Objeto de la economía política ; Métodos de la economía política ; Relación con otras ciencias sociales ; El actual sistema económico ; Parte I - II: Nociones generales ; Generalidades ; El medio externo ; La raza ; La técnica ; La población ; Las Instituciones -- Economía pura del actual sistema: Principios y definiciones ; El funcionamiento del sistema ; El valor
506 ## - NOTA DE RESTRICCIONES DE ACCESO [R]
Condiciones de acceso [NR] Consulta en sala
546 ## - NOTA DE IDIOMA [R]
Nota de idioma [NR] Texto en francés
650 #7 - ASIENTO SECUNDARIO DE MATERIA - TERMINO TEMATICO [R]
9 (RLIN) 38990
Término temático o nombre geográfico como elemento de entrada [NR] Economía política
Subdivisión geográfica [R] Francia
650 #7 - ASIENTO SECUNDARIO DE MATERIA - TERMINO TEMATICO [R]
9 (RLIN) 13709
Término temático o nombre geográfico como elemento de entrada [NR] Economía política
Subdivisión general [R] Manuales
690 ## - ASUNTO AGREGADO LOCAL DE ENTRADA - TÉRMINO TEMÁTICO (OCLC, RLIN)
Acceso temático local Economía
9 (RLIN) 174
942 ## - ELEMENTOS DE ENTRADA AGREGADOS (KOHA)
Sistema de clasificación LOCAL
Tipo de ítem principal el descrito en 300a Libro
Edición 1
Clasificación E43N016
Existencias
Suprimido Perdido Sistema de clasificación Dañado No prestable Tipo de ítem específico Ubicación habitual Ubicación actual Localización Fecha de creación Forma de adquisición Costo Volúmen / Fascículo Total préstamos Signatura topográfica Código de barras Última vez visto Ejemplar Price effective from Tipo de ítem
    LOCAL     Libro archivo Archivo Histórico Archivo Histórico Archivo histórico 06/03/2017 Donación 0.00 V.1   E43N016 L006223 06/03/2017 Ej.1 06/03/2017 Libro